聊齋
| 資料類型: | 圖書 | 書目號: | 39822 |
Leader xxxxxxxxxx 001 __ PCLIS00039822 005 __ 20081224141234.34 010 0_ |a957-|b平裝|dNT$75 020 __ |acw|b82005151 100 __ |a20081224d2008 0chib0109 e 101 0_ |achi 102 __ |acw 105 __ |aa z 000yy 200 1_ |a聊齋|e|f河洛圖書出版編譯|g 205 __ |a初版 210 __ |a臺北市|c河洛圖書|d民64年 215 0_ |a面|c圖, 表|d公分 225 1_ |a|v 300 __ |a 681 __ |a857.4|b 700 __ |a河洛圖書出版|b|4編譯 702 _1 |a|b|4 801 __ |acw|b本館|c20081224 |